Statistiques concernant Les crises et guerres actuels

Cliquez ici pour prendre le quiz!

Statistiques générales

  • Ce quiz a été pris 70 fois
  • Le résultat moyen est 5 sur 8

Statistiques - réponses

HintRéponse% Correct
Rival chiite de l'Arabie Saoudite au Moyen-OrientIran
92%
Pays en guerre civile depuis 2011, où son président à utilisé l'arme chimique contre sa population.Syrie
88%
Pays accueillant une guerre civile oubliée, qui oppose les rebelles chiites Houthis aux forces progouvernementales. Un conflit également lieu d'affrontement entre puissances régionales et internationales. Pays victime de la plus grave crise humanitaire du monde.Yémen
64%
Conflit démarré en 2014 mais passé à grande échelle après l'invasion d'un pays le 24 février 2022russo-ukrainien
62%
Région africaine où des groupes djihadistes prospèrentSahel
62%
Date à laquelle Al-Baghdadi annonce l’établissement d’un califat sur le territoire qu’il contrôle à cheval entre l’Irak et la Syrie.2014
45%
Région congolaise en guerre depuis 2004, où de nombreuses milices tel que le M23 affrontent les forces armées de la RDC, en parallèle des autres groupes armés.Kivu
24%
Groupe islamiste armé en guerre de 2001 à 2021 contre les Etats-Unis. Conflit déclenché par l'invasion américaine dans le pays du groupe armé, qui avait pour but de récupérer Ben Laden.Talibans
24%

Distribution des résultats

Percentile par nombre de réponses

% des personnes avec chaque résultat

Votre développement - résultats

Vous n’avez pas pris ce quiz